Vedúci zamestnanci - práva a povinnosti

Postavenie vedúcich zamestnancov určuje organizačná štruktúra zamestnávateľa. Práva, povinnosti, odmeňovanie vedúcich zamestnancov.

Saved in:
Bibliographic Details
Main Author: Valčuhová, Janka
Format: Book Chapter
Language:Slovak
Subjects:
Tags: Add Tag
No Tags, Be the first to tag this record!

MARC

LEADER 00000naa a2200000 4500
001 0121828
005 20231120112916.3
041 0 |a slo 
044 |a SK 
245 1 0 |a Vedúci zamestnanci - práva a povinnosti  |c Janka Valčuhová 
520 |a Postavenie vedúcich zamestnancov určuje organizačná štruktúra zamestnávateľa. Práva, povinnosti, odmeňovanie vedúcich zamestnancov. 
610 2 0 |a pracovníci vedúci 
610 2 0 |a zamestnávatelia 
610 2 0 |a nadriadení 
610 2 0 |a podriadení 
610 2 0 |a odmeňovanie 
100 1 |a Valčuhová, Janka